BIBLIOTECA “JULIO CORTÁZAR”
ESCUELA AGROTÉCNICA “LIBERTADOR GENERAL SAN MARTÍN” - UNR – CASILDA

Logo Escuela Logo UNR

Lengua y Literatura 2 : (Record no. 747)

MARC details
000 -LEADER
campo de control de longitud fija 00821nam#a22003135a#4500
001 - NÚMERO DE CONTROL
campo de control 747
080 ## - NÚMERO DE LA CLASIFICACIÓN DECIMAL UNIVERSAL
Número de la Clasificación Decimal Universal 80
084 ## - OTRO NÚMERO DE CLASIFICACIÓN
Número de clasificación B82
040 ## - FUENTE DE CATALOGACIÓN
Centro catalogador/agencia de origen AR-ClEAG
Centro/agencia transcriptor AR-ClEAG
008 - DATOS DE LONGITUD FIJA--INFORMACIÓN GENERAL
campo de control de longitud fija 080910s2002####ag#a#####f####001#0#spa#d
005 - FECHA Y HORA DE LA ÚLTIMA TRANSACCIÓN
campo de control 20241107184645.0
003 - IDENTIFICADOR DE NÚMERO DE CONTROL
campo de control AR-ClEAG
100 1# - ENTRADA PRINCIPAL--NOMBRE DE PERSONA
Nombre de persona Bombini, Gustavo.
245 10 - MENCIÓN DEL TÍTULO
Título Lengua y Literatura 2 :
Resto del título Lenguaje en acción /
Mención de responsabilidad, etc. Gustavo Bombini.
250 ## - MENCION DE EDICION
Mención de edición 1ª ed.
260 ## - PUBLICACIÓN, DISTRIBUCIÓN, ETC.
Lugar de publicación, distribución, etc. Buenos Aires :
Nombre del editor, distribuidor, etc. Longseller,
Fecha de publicación, distribución, etc. 2002.
300 ## - DESCRIPCIÓN FÍSICA
Extensión 96 p. :
Otras características físicas il. ;
Dimensiones 28 cm.
490 0# - MENCIÓN DE SERIE
Mención de serie Libros temáticos
653 ## - TÉRMINO DE INDIZACIÓN--NO CONTROLADO
Término no controlado Funciones del lenguaje
653 ## - TÉRMINO DE INDIZACIÓN--NO CONTROLADO
Término no controlado Comunicación
653 ## - TÉRMINO DE INDIZACIÓN--NO CONTROLADO
Término no controlado Competencias lengüísticas
653 ## - TÉRMINO DE INDIZACIÓN--NO CONTROLADO
Término no controlado Verbos
653 ## - TÉRMINO DE INDIZACIÓN--NO CONTROLADO
Término no controlado Enunciados performativos
653 ## - TÉRMINO DE INDIZACIÓN--NO CONTROLADO
Término no controlado Enunciación
653 ## - TÉRMINO DE INDIZACIÓN--NO CONTROLADO
Término no controlado Entrevista
653 ## - TÉRMINO DE INDIZACIÓN--NO CONTROLADO
Término no controlado Chisme
653 ## - TÉRMINO DE INDIZACIÓN--NO CONTROLADO
Término no controlado Oralidad en los medios
942 ## - ELEMENTOS DE ENTRADA SECUNDARIOS (KOHA)
Tipo de ítem Koha Libros
980 ## - EQUIVALENCIA O REFERENCIA-CRUZADA-MENCIÓN DE SERIE--NOMBRE DE PERSONA/TÍTULO [LOCAL, CANADÁ]
Enlace 2
Nombre de persona Evangelina Gallicchio
Enlace entre campo y número de secuencia 2
Información miscelánea Evangelina Gallicchio
Holdings
Estatus retirado Estado de pérdida Fuente del sistema de clasificación o colocación Estado de daño No para préstamo Biblioteca de origen Biblioteca actual Ubicación en estantería Fecha de adquisición Número de inventario Total de préstamos Signatura topográfica completa Código de barras Visto por última vez Precio de reemplazo Tipo de ítem Koha
    Clasificación decimal universal     Julio Cortázar Julio Cortázar   07/11/2024 2691   R7 80 B82 1 Ej.1 2691 07/11/2024 07/11/2024 Libros
    Clasificación decimal universal     Julio Cortázar Julio Cortázar   07/11/2024 2692   R7 80 B82 2 Ej.2 2692 07/11/2024 07/11/2024 Libros
    Clasificación decimal universal     Julio Cortázar Julio Cortázar   07/11/2024 2673   R7 80 B82 3 Ej.3 2673 07/11/2024 07/11/2024 Libros

Contacto

Biblioteca Julio Cortázar. Escuela Agrotécnica "Libertador San Martín". Universidad Nacional de Rosario
Dirección: Ov. Lagos 1000 - 2170 Casilda - Santa Fe - Argentina
Tel: (54) (03464) 422226.
Fax: (54) (03464) 427789.
E-Mail: biblio-eac@unr.edu.ar